Normal view
MARC view
Entry Personal Name
001 - CONTROL NUMBER
- control field: 14449
003 - CONTROL NUMBER IDENTIFIER
- control field: ARRUPE
005 - DATE AND TIME OF LATEST TRANSACTION
- control field: 20150121115545.0
008 - FIXED-LENGTH DATA ELEMENTS
- fixed length control field: 150121|| aca||aabn | a|a d
040 ## - CATALOGING SOURCE
- Original cataloging agency: ARRUPE
- Transcribing agency: ARRUPE
100 ## - HEADING--PERSONAL NAME
- Personal name: Miller, Paul M.
670 ## - SOURCE DATA FOUND
- Source citation: Work cat.: (ARRUPE)0: Miller, Paul M., Equipping for ministry in East Africa,, [c1969]